Antología de la literatura española de los siglos XI al XVI

Saved in:
Bibliographic Details
Main Author: Bleiberg, Germán (Author)
Format: Book
Language:Spanish
Published: Madrid Alianza 1976
Series:Alianza Universidad
Subjects:
Tags: Add Tag
No Tags, Be the first to tag this record!

MARC

LEADER 00000nam a2200000 a 4500
001 UCT6786
003 CL-VaPUC
008 970113e19760000SP |||||||||||||||||spa|d
082 0 4 |a 860.9  |b BLE  |2 21 
100 0 |a Bleiberg, Germán  |e author  |9 377024 
245 1 0 |a Antología de la literatura española de los siglos XI al XVI 
300 |a 423 p 
942 |c BK 
945 |d 19970113 00:00:00  |a nastorga 
260 |a Madrid  |b Alianza  |c 1976 
650 7 |a LITERATURA ESPAÑOLA SIGLOS 11-16  |2 CL-VaPUC  |9 377025 
650 0 |a Romanticismo en la literatura  |9 313777 
650 0 |a Estilos literarios  |9 310538 
650 0 |a Edad media  |9 258041 
650 7 |a NOVELA PICARESCA ESPAÑOLA  |2 CL-VaPUC  |9 315849 
583 |a last modification  |c 20160810 05:31:21  |k Rodrigo Vera 
490 0 |a Alianza Universidad 
999 |c 255461  |d 255459 
952 |0 0  |1 0  |4 0  |6 860_900000000000000_BLE_1976  |7 0  |8 A  |9 277696  |a BIBEDU  |b BIBEDU  |d 2019-11-19  |i 3268454  |o 860.9 BLE 1976  |p 3268454  |r 2019-11-19  |w 2019-11-19  |y BK  |k LIT